|
|
|
|
| LEADER |
01023nam a2200265 a 4500 |
| 001 |
GR-MES5925 |
| 008 |
991213s1983 gr 000 0 gre d |
| 040 |
|
|
|a GrPaTEI
|b gre
|c GR-PaULI
|
| 040 |
|
|
|a GrPaTEI
|b gre
|c GR-PaULI
|
| 245 |
0 |
2 |
|a Ο αγώνας των Ελλήνων για την ανεξαρτησία :
|b 1821-1833 /
|c Douglas Dakin.
|
| 250 |
|
|
|a 2η εκδ.
|
| 260 |
|
|
|a Αθήνα :
|b ΜΙΕΤ,
|c 1989
|
| 300 |
|
|
|a 438 σελ.
|
| 504 |
|
|
|a Βιβλιογραφία σελ (399-413)
|
| 650 |
|
4 |
|a Ελλάδα
|
| 650 |
|
4 |
|a Ελληνική Επανάσταση
|
| 650 |
|
4 |
|a ΤΟΥΡΚΟΚΡΑΤΙΑ
|
| 650 |
1 |
0 |
|a 1814-1833
|
| 650 |
1 |
0 |
|a 1821-1833
|
| 700 |
0 |
|
|a ΣΤΑΥΡΙΔΗ-ΠΑΤΡΙΚΙΟΥ ΡΕΝΑ
|
| 700 |
1 |
|
|a Dakin, D.
|
| 942 |
|
|
|2 ddc
|
| 952 |
|
|
|0 0
|1 0
|2 ddc
|4 0
|6 949_506000000000000_DAK
|7 0
|9 276312
|a MSLG
|b MSLG
|c BSC
|d 2021-01-17
|e 24
|f 0
|g 0.00
|l 0
|o 949.506 DAK
|p 2420000012825
|r 2021-01-17 00:00:00
|t 1
|w 2021-01-17
|y 7
|x 19991213 0 1
|x GrPaTEI
|
| 971 |
|
|
|a .b2584393x
|b 16-04-20
|c 14-09-16
|
| 999 |
|
|
|c 160257
|d 160257
|